[Event "Staatsliga B - Mitte 2002/03"]
[Site "?"]
[Date "2002.11.30"]
[Round "4.6"]
[White "HERRMANN, Johann"]
[Black "HEIMBERGER, Reinhard"]
[Result "0-1"]
[WhiteElo "2182"]
[BlackElo "2312"]
[PlyCount "92"]
[EventDate "2002.11.30"]

1. c4 c5 2. Nc3 Nf6 3. g3 e6 4. e4 Nc6 5. Bg2 Be7 6. Nge2 O-O 7. O-O d6 8. f4
a6 9. d3 Qc7 10. h3 Rb8 11. a4 Bd7 12. g4 Nd4 13. g5 Nxe2+ 14. Qxe2 Ne8 15. f5
b5 16. axb5 axb5 17. f6 Bd8 18. Qh5 gxf6 19. gxf6 Kh8 20. Bg5 e5 21. Nd5 Qb7
22. Bh6 Rg8 23. Ne7 Bxe7 24. fxe7 Be6 25. Rxf7 Bxf7 26. Qxf7 Qd7 27. Rf1 Ng7
28. Bg5 Qe8 29. Qd5 Qg6 30. h4 Ne8 31. Qf7 bxc4 32. Bh3 cxd3 33. Be6 Qxf7 34.
Bxf7 Rg7 35. Bxe8 Rxe8 36. Rf8+ Rg8 37. Kf2 Rexf8+ 38. exf8=Q Rxf8+ 39. Ke3 c4
40. Be7 Re8 41. Bxd6 Kg7 42. Bb4 Kf6 43. Bd2 Rb8 44. Bc1 Kg6 45. Kf3 Kh5 46.
Kg3 Rxb2 0-1

[Event "Staatsliga B - Mitte 2002/03"]
[Site "?"]
[Date "2002.11.30"]
[Round "4.6"]
[White "SANDHOEFNER, Florian"]
[Black "DEUTSCHMANN, Robert Peter"]
[Result "0-1"]
[WhiteElo "2259"]
[BlackElo "2014"]
[PlyCount "68"]
[EventDate "2002.11.30"]

1. e4 c5 2. Nf3 e6 3. c4 d6 4. d4 cxd4 5. Nxd4 Nf6 6. Nc3 Be7 7. Be2 O-O 8. O-O
Nc6 9. Be3 Bd7 10. f4 a6 11. Rc1 Rc8 12. b3 Qa5 13. Qe1 Kh8 14. Qg3 b5 15. e5
Ne8 16. cxb5 Nxd4 17. Bxd4 axb5 18. Bd3 Qb4 19. Ne2 f5 20. Rxc8 Bxc8 21. Rc1
Bb7 22. Qe3 Nc7 23. Qg3 Ne8 24. Kh1 Rf7 25. Qe3 Bd5 26. Bc3 Qa3 27. Qd2 dxe5
28. Bxe5 Qa8 29. Nd4 b4 30. Bb1 Nd6 31. Kg1 Ne4 32. Qc2 Bc5 33. Qd3 Nc3 34. a4
Be4 0-1

[Event "Staatsliga B - Mitte 2002/03"]
[Site "?"]
[Date "2002.12.01"]
[Round "5.1"]
[White "BUHMANN, Rainer"]
[Black "GYIMESI, Zoltan"]
[Result "0-1"]
[WhiteElo "2527"]
[BlackElo "2596"]
[PlyCount "84"]
[EventDate "2002.12.01"]

1. Nf3 d5 2. d4 Nf6 3. c4 e6 4. g3 Bb4+ 5. Bd2 Be7 6. Bg2 O-O 7. O-O c6 8. Qc2
b6 9. Bf4 Ba6 10. Nbd2 Nbd7 11. Rac1 Nh5 12. Ne5 Rc8 13. Qa4 Nxf4 14. gxf4 Nb8
15. Qd1 Qd6 16. e3 c5 17. dxc5 bxc5 18. Qh5 g6 19. Qh3 Bf6 20. Ndf3 Bxc4 21.
Nxc4 dxc4 22. Rxc4 Qa6 23. Rfc1 Bxb2 24. Ng5 h5 25. R1c2 Nd7 26. Bf1 Qb6 27. a4
Bf6 28. Ne4 Be7 29. Ng3 Nf6 30. e4 Rcd8 31. Be2 Rd4 32. Rxd4 cxd4 33. Bb5 a6
34. Bd3 Qb3 35. Ne2 Nxe4 36. Nxd4 Qxa4 37. Nc6 Bf6 38. Kg2 Nc3 39. Qf3 Kg7 40.
Ne5 Nd5 41. Be4 Bxe5 42. fxe5 f5 0-1

[Event "Staatsliga B - Mitte 2002/03"]
[Site "?"]
[Date "2002.12.01"]
[Round "5.1"]
[White "FARAGO, Ivan"]
[Black "SCHLINDWEIN, Rolf"]
[Result "1/2-1/2"]
[WhiteElo "2474"]
[BlackElo "2426"]
[PlyCount "56"]
[EventDate "2002.12.01"]

1. d4 Nf6 2. Nf3 e6 3. c4 b6 4. a3 Bb7 5. Nc3 d5 6. cxd5 exd5 7. Qa4+ c6 8. Bg5
Be7 9. e3 O-O 10. Bd3 Ne4 11. Bxe7 Qxe7 12. Rc1 f5 13. Ne5 Nc5 14. dxc5 Qxe5
15. Qd4 Nd7 16. b4 f4 17. O-O Qg5 18. Ne4 dxe4 19. Bc4+ Kh8 20. Qxd7 f3 21. g3
b5 22. Qxb7 Qg4 23. Rfd1 bxc4 24. Qd7 Rf5 25. Qd8+ Rf8 26. Qd7 Rf5 27. Qd8+ Rf8
28. Qd7 Rf5 1/2-1/2

[Event "Staatsliga B - Mitte 2002/03"]
[Site "?"]
[Date "2002.12.01"]
[Round "5.1"]
[White "RESCHUN, Sascha"]
[Black "STANEC, Nikolaus"]
[Result "0-1"]
[WhiteElo "2280"]
[BlackElo "2523"]
[PlyCount "58"]
[EventDate "2002.12.01"]

1. e4 c5 2. Nf3 e6 3. d4 cxd4 4. Nxd4 a6 5. c4 Nf6 6. Bd3 d6 7. Nc3 g6 8. b3
Bg7 9. Bb2 O-O 10. O-O b6 11. f4 Bb7 12. Qe2 Nbd7 13. Rad1 e5 14. fxe5 Nxe5 15.
Bb1 Re8 16. Ba3 b5 17. cxb5 d5 18. Bb2 dxe4 19. Nxe4 Bxe4 20. Bxe4 Neg4 21. Rf4
axb5 22. a3 Qb6 23. h3 Nh6 24. g4 Rad8 25. Qf3 g5 26. Rxf6 Bxf6 27. Bd5 Re5 28.
Bc6 Re6 29. Bd5 Red6 0-1

[Event "Staatsliga B - Mitte 2002/03"]
[Site "?"]
[Date "2002.12.01"]
[Round "5.1"]
[White "WEISS, Christian"]
[Black "RAGGER, Markus"]
[Result "1/2-1/2"]
[WhiteElo "2422"]
[BlackElo "2211"]
[PlyCount "75"]
[EventDate "2002.12.01"]

1. g3 d5 2. Bg2 c6 3. Nf3 Bg4 4. O-O Nd7 5. d3 Ngf6 6. Nbd2 e5 7. e4 dxe4 8.
dxe4 Bc5 9. Qe2 O-O 10. Nc4 Qc7 11. Ne3 Bh5 12. Nf5 Rfe8 13. h3 Bf8 14. Qe1 Nc5
15. Nd2 a5 16. a4 b5 17. axb5 cxb5 18. g4 Bg6 19. Qe2 Rab8 20. Nb3 a4 21. Nxc5
Bxc5 22. Bg5 Nd7 23. Rfd1 Nf8 24. Be3 Ne6 25. Rd5 Nf4 26. Bxf4 exf4 27. Qd2
Bxf5 28. exf5 Rbd8 29. Rxd8 Rxd8 30. Qe2 h6 31. Bf3 Qe7 32. Qxe7 Bxe7 33. Re1
Bf6 34. c3 Rd2 35. Re2 Rxe2 36. Bxe2 Bxc3 37. Bxb5 Bxb2 38. Bxa4 1/2-1/2

[Event "Staatsliga B - Mitte 2002/03"]
[Site "?"]
[Date "2002.12.01"]
[Round "5.1"]
[White "KASPRET, Guido"]
[Black "KNOLL, Hermann"]
[Result "1/2-1/2"]
[WhiteElo "2278"]
[BlackElo "2365"]
[PlyCount "103"]
[EventDate "2002.12.01"]

1. c4 Nf6 2. Nc3 g6 3. e4 d6 4. d4 Bg7 5. Nf3 O-O 6. Be2 e5 7. O-O Nc6 8. d5
Ne7 9. Ne1 Nd7 10. f3 f5 11. Be3 f4 12. Bf2 g5 13. a4 Ng6 14. a5 Nf6 15. c5 Rf7
16. cxd6 cxd6 17. Nb5 g4 18. Nxa7 g3 19. Bb6 gxh2+ 20. Kh1 Qe7 21. Nxc8 Rxc8
22. Rc1 Rxc1 23. Qxc1 Nh5 24. Bf2 Rf8 25. Nd3 Bf6 26. Qc2 Bh4 27. Rc1 Bg3 28.
Bxg3 Nxg3+ 29. Kxh2 Qh4+ 30. Kg1 Qh1+ 31. Kf2 Qh2 32. Bf1 Qh4 33. Kg1 Qh1+ 34.
Kf2 Nh4 35. Qd1 Kh8 36. b4 Qh2 37. Rc2 Nxe4+ 38. Ke1 Ng3 39. Rf2 Nhf5 40. b5
Ne3 41. Qa1 Re8 42. a6 bxa6 43. bxa6 Qg1 44. Qa4 Rc8 45. a7 Nxg2+ 46. Kd2 Nxf1+
47. Ke2 Ng3+ 48. Kd2 Ne3 49. a8=Q Nef1+ 50. Ke1 Nh2+ 51. Kd2 Nhf1+ 52. Ke1
1/2-1/2

[Event "Staatsliga B - Mitte 2002/03"]
[Site "?"]
[Date "2002.12.01"]
[Round "5.2"]
[White "TOPAKIAN, Raffi"]
[Black "HORVATH, Jozsef"]
[Result "0-1"]
[WhiteElo "2424"]
[BlackElo "2514"]
[PlyCount "100"]
[EventDate "2002.12.01"]

1. Nf3 g6 2. d4 Bg7 3. c4 Nf6 4. Nc3 d5 5. cxd5 Nxd5 6. Na4 Nb6 7. Bf4 O-O 8.
Rc1 Nc6 9. e3 e5 10. Bg5 Qd6 11. Nxb6 axb6 12. d5 Nb4 13. a3 e4 14. Nd4 Nxd5
15. Bc4 Bd7 16. Bh4 Be5 17. Bg3 Bxg3 18. hxg3 Nxe3 19. fxe3 Qxg3+ 20. Kd2 Rad8
21. Qe1 Qxg2+ 22. Kc3 Qg5 23. Qg1 Qxg1 24. Rcxg1 c5 25. Nb5 Bc6 26. Rh2 Kg7 27.
Rgh1 h5 28. Rg1 Kh6 29. Kc2 Rd7 30. Nc3 f5 31. a4 f4 32. exf4 Rxf4 33. Ne2 Rf3
34. b3 e3 35. Nc3 Rd6 36. Kc1 Rdf6 37. Re1 Rg3 38. Nd1 Rff3 39. Rhe2 h4 40.
Rxe3 h3 41. R3e2 Rg2 42. Rxg2 hxg2 43. Kd2 Kg5 44. Rg1 Rh3 45. Nf2 Rg3 46. Nd3
Kh4 47. Be6 Rf3 48. Ke2 Kg3 49. Ne5 Rf2+ 50. Ke3 Rf1 0-1

[Event "Staatsliga B - Mitte 2002/03"]
[Site "?"]
[Date "2002.12.01"]
[Round "5.2"]
[White "PILAJ, Herwig"]
[Black "JANZ, Frerik"]
[Result "1/2-1/2"]
[WhiteElo "2360"]
[BlackElo "2366"]
[PlyCount "77"]
[EventDate "2002.12.01"]

1. Nf3 Nf6 2. d4 c5 3. d5 d6 4. c4 e6 5. Nc3 exd5 6. cxd5 g6 7. Qa4+ Nbd7 8.
Bf4 Be7 9. e4 O-O 10. h3 a6 11. Be2 Rb8 12. O-O b5 13. Qc2 Re8 14. a4 b4 15.
Nd1 Bf8 16. Bd3 b3 17. Qd2 Nxe4 18. Bxe4 Rxe4 19. Nc3 Re8 20. Rae1 Rxe1 21.
Rxe1 f6 22. Ne4 Ne5 23. Nxf6+ Qxf6 24. Nxe5 Rb4 25. Bg5 Qf5 26. Nc6 Re4 27.
Rxe4 Qxe4 28. Qa5 h6 29. Qd8 Bxh3 30. gxh3 hxg5 31. Qxg5 c4 32. Qf6 Qxd5 33.
Qxg6+ Kh8 34. Nd8 Bg7 35. Nf7+ Kg8 36. Ng5 Qe5 37. Qf7+ Kh8 38. Qh5+ Kg8 39.
Qf7+ 1/2-1/2

[Event "Staatsliga B - Mitte 2002/03"]
[Site "?"]
[Date "2002.12.01"]
[Round "5.2"]
[White "MENACHER, Manfred"]
[Black "TITZ, Heimo"]
[Result "1/2-1/2"]
[WhiteElo "2354"]
[BlackElo "2325"]
[PlyCount "70"]
[EventDate "2002.12.01"]

1. e4 c5 2. Nf3 e6 3. Nc3 a6 4. d4 cxd4 5. Nxd4 b5 6. Bd3 Qb6 7. Nf3 Qc7 8. O-O
Bb7 9. Re1 Nf6 10. e5 b4 11. Nb1 Nd5 12. Nbd2 Nf4 13. Be4 Ng6 14. Bxb7 Qxb7 15.
Nc4 Nc6 16. a3 bxa3 17. b3 f6 18. exf6 gxf6 19. Nd6+ Bxd6 20. Qxd6 Kf7 21. Bxa3
Rac8 22. Rad1 Rc7 23. Qd2 d5 24. Rxe6 Nce5 25. Rxf6+ Kxf6 26. Qg5+ Kg7 27. Nxe5
Rxc2 28. Nxg6 hxg6 29. Re1 Qc6 30. Bb2+ Rxb2 31. Qe7+ Kh6 32. Qh4+ Kg7 33. Qe7+
Kh6 34. Qh4+ Kg7 35. Qe7+ Kh6 1/2-1/2

[Event "Staatsliga B - Mitte 2002/03"]
[Site "?"]
[Date "2002.12.01"]
[Round "5.2"]
[White "NICKL, Klaus"]
[Black "HAGER, Herbert"]
[Result "1/2-1/2"]
[WhiteElo "2203"]
[BlackElo "2142"]
[PlyCount "53"]
[EventDate "2002.12.01"]

1. d4 Nf6 2. Nf3 g6 3. Nc3 d5 4. Bf4 Bg7 5. e3 O-O 6. Be2 b6 7. h4 c5 8. Ne5
Bb7 9. h5 Nbd7 10. hxg6 hxg6 11. Qd2 Ne4 12. Nxe4 Nxe5 13. dxe5 dxe4 14. Qc3
Qd7 15. Bh6 e6 16. Bxg7 Kxg7 17. Rd1 Qe7 18. f4 exf3 19. Bxf3 Rh8 20. Kd2 Rxh1
21. Rxh1 Bxf3 22. gxf3 Qg5 23. Kc1 Qg2 24. Qe1 Rd8 25. Rh7+ Kxh7 26. Qh4+ Kg7
27. Qf6+ 1/2-1/2

[Event "Staatsliga B - Mitte 2002/03"]
[Site "?"]
[Date "2002.12.01"]
[Round "5.3"]
[White "WITTMANN, Walter"]
[Black "RUCK, Robert"]
[Result "1/2-1/2"]
[WhiteElo "2345"]
[BlackElo "2572"]
[PlyCount "68"]
[EventDate "2002.12.01"]

1. e4 c6 2. d4 d5 3. Nd2 dxe4 4. Nxe4 Bf5 5. Ng3 Bg6 6. N1e2 Nf6 7. Nf4 Nbd7 8.
h4 e5 9. Nxg6 hxg6 10. dxe5 Qa5+ 11. Bd2 Qxe5+ 12. Qe2 O-O-O 13. Qxe5 Nxe5 14.
Be2 Bc5 15. Bg5 Rde8 16. Bxf6 gxf6 17. Ne4 Bb4+ 18. c3 Nd7 19. Nd2 Bc5 20. Kf1
f5 21. g3 Nf6 22. Rd1 Re7 23. Bf3 Ng4 24. Bxg4 fxg4 25. Nb3 Bb6 26. Re1 Rxe1+
27. Kxe1 f5 28. Nd2 Re8+ 29. Kf1 Rd8 30. Nc4 Bc7 31. Ke2 Re8+ 32. Kd3 Rd8+ 33.
Ke2 Re8+ 34. Kd3 Rd8+ 1/2-1/2

[Event "Staatsliga B - Mitte 2002/03"]
[Site "?"]
[Date "2002.12.01"]
[Round "5.3"]
[White "HORVATH, Peter"]
[Black "WATZKA, Horst"]
[Result "1-0"]
[WhiteElo "2482"]
[BlackElo "2348"]
[PlyCount "77"]
[EventDate "2002.12.01"]

1. d4 Nf6 2. c4 g6 3. g3 Bg7 4. Bg2 O-O 5. Nc3 d6 6. Nf3 a6 7. O-O Nc6 8. b3 e5
9. d5 Ne7 10. e4 Ne8 11. Ba3 h6 12. c5 f5 13. Nd2 f4 14. Nc4 Rb8 15. Bb4 g5 16.
cxd6 Nxd6 17. Re1 Ng6 18. Qh5 Rf6 19. Bh3 Bxh3 20. Qxh3 Bf8 21. Bxd6 cxd6 22.
a4 b6 23. Rec1 Kg7 24. Ra2 Be7 25. Qg4 Rf8 26. a5 b5 27. Nb6 Rxb6 28. axb6 Qxb6
29. Ne2 a5 30. Rc6 Qa7 31. Nc3 Qd4 32. Qd1 Qb4 33. Rc7 Rf7 34. Qe2 Bd8 35.
Rxf7+ Kxf7 36. Rc2 Qxb3 37. Nxb5 Be7 38. Rb2 Qa4 39. Qc2 1-0

[Event "Staatsliga B - Mitte 2002/03"]
[Site "?"]
[Date "2002.12.01"]
[Round "5.3"]
[White "SINGER, Richard"]
[Black "SCHEIN, Karl-Heinz"]
[Result "1/2-1/2"]
[WhiteElo "2281"]
[BlackElo "2232"]
[PlyCount "100"]
[EventDate "2002.12.01"]

1. d4 Nf6 2. c4 e6 3. Nf3 Bb4+ 4. Bd2 Qe7 5. e3 Nc6 6. a3 Bxd2+ 7. Qxd2 O-O 8.
Nc3 d6 9. Qc2 e5 10. d5 Nb8 11. Bd3 a5 12. Ng5 h6 13. h4 Na6 14. f3 Nc5 15.
O-O-O Re8 16. Nge4 Nxd3+ 17. Qxd3 Nxe4 18. Qxe4 f5 19. Qc2 Bd7 20. h5 a4 21. g3
Ra5 22. Kb1 Rea8 23. e4 Qg5 24. Rdg1 Rc5 25. Qe2 Rb8 26. f4 Qf6 27. g4 exf4 28.
gxf5 Be8 29. Rg2 Rd8 30. Rf1 f3 31. Qxf3 Rxc4 32. e5 dxe5 33. Ne4 Rxe4 34. Qxe4
Bxh5 35. Qxa4 Bf7 36. Ka1 Kh7 37. Rfg1 Rg8 38. Qe4 Kh8 39. Re1 Re8 40. Reg1 Rg8
41. Rg6 Bxg6 42. Rxg6 Qf8 43. Qxe5 Kh7 44. Re6 Qc5 45. Qe4 Kh8 46. f6 gxf6 47.
Rxf6 Qc1+ 48. Ka2 Qg5 49. Qe6 Kh7 50. a4 Rg7 1/2-1/2

[Event "Staatsliga B - Mitte 2002/03"]
[Site "?"]
[Date "2002.12.01"]
[Round "5.3"]
[White "BACHLER, Reinhard"]
[Black "DOHR, Alexander"]
[Result "1-0"]
[WhiteElo "2230"]
[BlackElo "2161"]
[PlyCount "103"]
[EventDate "2002.12.01"]

1. f4 e6 2. Nf3 c5 3. e3 Nc6 4. Bb5 Qc7 5. b3 a6 6. Bxc6 Qxc6 7. Bb2 b6 8. O-O
Bb7 9. d3 d6 10. Nbd2 Nf6 11. Qe2 Be7 12. e4 O-O 13. Nc4 Ne8 14. Rae1 Qc7 15.
Ne3 Rd8 16. f5 Bf6 17. Bxf6 Nxf6 18. c4 Kh8 19. Qf2 exf5 20. Nxf5 Bc8 21. N3h4
Ng8 22. Ne3 Rde8 23. Qg3 g6 24. Rf3 Be6 25. Ref1 Qd8 26. Nhf5 Bxf5 27. exf5 Nf6
28. Qg5 Re5 29. Qh6 Ng8 30. Qh3 Rfe8 31. Nd5 g5 32. f6 b5 33. Qh5 Qd7 34. Rh3
h6 35. Ne7 R8xe7 36. fxe7 Qxe7 37. Qxf7 g4 38. Qxe7 Rxe7 39. Rg3 h5 40. Rf5 Rh7
41. h3 Kg7 42. Rg5+ Kf7 43. hxg4 Nf6 44. gxh5 Rxh5 45. Rxh5 Nxh5 46. Rf3+ Nf6
47. Kf2 Kg6 48. Rxf6+ Kxf6 49. Kf3 Ke5 50. g4 b4 51. Ke3 a5 52. Kf3 1-0

[Event "Staatsliga B - Mitte 2002/03"]
[Site "?"]
[Date "2002.12.01"]
[Round "5.3"]
[White "RIEDNER, Martin"]
[Black "BENDA, Herbert"]
[Result "1/2-1/2"]
[WhiteElo "2206"]
[BlackElo "2251"]
[PlyCount "36"]
[EventDate "2002.12.01"]

1. d4 Nf6 2. Bg5 b6 3. Nf3 Bb7 4. e3 e6 5. Bd3 Be7 6. Nbd2 O-O 7. O-O d6 8. c4
Nbd7 9. e4 e5 10. Re1 Re8 11. b4 a5 12. a3 exd4 13. Nxd4 h6 14. Bf4 Ne5 15. Bc2
Nfd7 16. Nf5 Bf6 17. Rb1 Ng6 18. Bg3 axb4 1/2-1/2

[Event "Staatsliga B - Mitte 2002/03"]
[Site "?"]
[Date "2002.12.01"]
[Round "5.3"]
[White "SANDNER, Wolfgang"]
[Black "DETTER, Peter"]
[Result "1/2-1/2"]
[WhiteElo "2220"]
[BlackElo "2170"]
[PlyCount "52"]
[EventDate "2002.12.01"]

1. e4 Nf6 2. e5 Nd5 3. c4 Nb6 4. d4 d6 5. exd6 cxd6 6. h3 g6 7. Nf3 Bg7 8. Be2
O-O 9. O-O Nc6 10. Nc3 Bf5 11. Be3 d5 12. b3 e5 13. c5 Nd7 14. dxe5 Ndxe5 15.
Nd4 Nxd4 16. Bxd4 Be6 17. f4 Nc6 18. Bxg7 Kxg7 19. Rc1 Qa5 20. Nb5 Qxa2 21. Nd6
Qb2 22. f5 Qd4+ 23. Kh1 Bxf5 24. Nxf5+ gxf5 25. Rxf5 Qxd1+ 26. Rxd1 Ne7 1/2-1/2

[Event "Staatsliga B - Mitte 2002/03"]
[Site "?"]
[Date "2002.12.01"]
[Round "5.4"]
[White "MOHR, Georg"]
[Black "GABRIEL, Christian"]
[Result "1/2-1/2"]
[WhiteElo "2488"]
[BlackElo "2562"]
[PlyCount "31"]
[EventDate "2002.12.01"]

1. d4 d5 2. c4 e6 3. Nc3 Nf6 4. Bg5 Be7 5. cxd5 exd5 6. e3 c6 7. Bd3 O-O 8. Qc2
Nbd7 9. Nf3 Re8 10. O-O Nf8 11. h3 g6 12. Rab1 a5 13. Ne5 Ne6 14. Bh6 Ng7 15.
g4 Nd7 16. f4 1/2-1/2

[Event "Staatsliga B - Mitte 2002/03"]
[Site "?"]
[Date "2002.12.01"]
[Round "5.4"]
[White "ZAJA, Ivan"]
[Black "BUTUNOI, Alexandru"]
[Result "1-0"]
[WhiteElo "2433"]
[BlackElo "2404"]
[PlyCount "76"]
[EventDate "2002.12.01"]

1. d4 d6 2. c4 e5 3. d5 f5 4. e4 Nf6 5. exf5 Bxf5 6. Nc3 Nbd7 7. Nge2 Be7 8.
Ng3 Bg6 9. Bd3 Bxd3 10. Qxd3 O-O 11. O-O Nc5 12. Qc2 a5 13. Be3 b6 14. h3 Nfd7
15. Nb5 g6 16. Rad1 Rf7 17. b3 Bh4 18. Ne2 Na6 19. f4 exf4 20. Nxf4 Bg5 21. Nd4
Bxf4 22. Bxf4 Ndc5 23. Qd2 Qh4 24. Bg5 Rxf1+ 25. Rxf1 Ne4 26. Bxh4 Nxd2 27. Re1
Nc5 28. Re7 Nde4 29. Rxc7 g5 30. Bf2 a4 31. bxa4 Rxa4 32. Ne6 Nxf2 33. Kxf2
Rxc4 34. Kf3 h6 35. Rc6 Rc3+ 36. Kg4 Ne4 37. Kf5 Re3 38. Kg6 Rc3 {Zeit} 1-0

[Event "Staatsliga B - Mitte 2002/03"]
[Site "?"]
[Date "2002.12.01"]
[Round "5.4"]
[White "HORVATH, Gyula"]
[Black "BUKAL, Vladimir Jun"]
[Result "1/2-1/2"]
[WhiteElo "2443"]
[BlackElo "2409"]
[PlyCount "26"]
[EventDate "2002.12.01"]

1. c4 c5 2. Nf3 g6 3. d4 Bg7 4. e4 Qb6 5. dxc5 Qxc5 6. Be2 d6 7. O-O Bg4 8. Qb3
Qc8 9. Nc3 Nc6 10. Be3 Nf6 11. Rac1 O-O 12. Rfd1 b6 13. Qa4 Qb7 1/2-1/2

[Event "Staatsliga B - Mitte 2002/03"]
[Site "?"]
[Date "2002.12.01"]
[Round "5.4"]
[White "ASCHENBRENNER, Robert"]
[Black "PESORDA, Ivan"]
[Result "1/2-1/2"]
[WhiteElo "2230"]
[BlackElo "2255"]
[PlyCount "39"]
[EventDate "2002.12.01"]

1. d4 Nf6 2. c4 c5 3. d5 e6 4. Nc3 exd5 5. cxd5 d6 6. e4 g6 7. Nf3 Bg7 8. h3
O-O 9. Bd3 Bd7 10. Bf4 Re8 11. O-O b5 12. Bxd6 b4 13. Ne2 Nxe4 14. Bxe4 Rxe4
15. Ng3 Re8 16. Bxc5 Bb5 17. Re1 Na6 18. Rxe8+ Bxe8 19. Bd4 Qxd5 20. Bxg7
1/2-1/2

[Event "Staatsliga B - Mitte 2002/03"]
[Site "?"]
[Date "2002.12.01"]
[Round "5.4"]
[White "DEUTSCH, Ludwig"]
[Black "DEMUTH, Markus"]
[Result "1-0"]
[WhiteElo "2194"]
[BlackElo "2228"]
[PlyCount "83"]
[EventDate "2002.12.01"]

1. d4 e6 2. Nf3 f5 3. g3 Nf6 4. Bg2 Be7 5. c4 O-O 6. Nc3 d6 7. O-O Qe8 8. Re1
Qg6 9. Bg5 Nc6 10. Bxf6 Bxf6 11. e3 e5 12. Nd5 Bd8 13. b4 Qe8 14. Rc1 Kh8 15.
a3 Be6 16. b5 Bxd5 17. cxd5 Na5 18. dxe5 dxe5 19. Qa4 e4 20. Nd4 b6 21. Ne6 Rf7
22. f4 Nb7 23. Qb3 Nd6 24. Rc6 a6 25. a4 axb5 26. axb5 h6 27. Bf1 Kh7 28. Rec1
Ra7 29. Be2 Rd7 30. Kf2 Qe7 31. R1c2 Kh8 32. Ra2 Rxa2 33. Qxa2 Ne8 34. Nd4 Qf7
35. Re6 Kh7 36. Nc6 Bf6 37. Qa8 Nd6 38. Ne5 Bxe5 39. fxe5 f4 40. exd6 fxe3+ 41.
Kxe3 cxd6 42. Qa4 1-0

[Event "Staatsliga B - Mitte 2002/03"]
[Site "?"]
[Date "2002.12.01"]
[Round "5.4"]
[White "KORMANN, Werner"]
[Black "TEUSCHLER, Hugo"]
[Result "1/2-1/2"]
[WhiteElo "2101"]
[BlackElo "2097"]
[PlyCount "71"]
[EventDate "2002.12.01"]

1. Nf3 d5 2. d4 Nf6 3. c4 e6 4. g3 dxc4 5. Bg2 Nbd7 6. O-O Be7 7. Nc3 O-O 8. e4
Rb8 9. a4 a6 10. Bf4 Nh5 11. Be3 Nhf6 12. Nd2 b5 13. axb5 axb5 14. Bf4 Ne8 15.
e5 Nb6 16. Nxb5 Nd5 17. Na7 Bb7 18. Nxc4 Nxf4 19. Bxb7 Rxb7 20. gxf4 Qd5 21.
Qe2 Qxd4 22. Nc6 Qc5 23. N4a5 Bh4 24. Nxb7 Qxc6 25. Na5 Qb6 26. Rfc1 g6 27. Rc6
Qa7 28. Nb3 Qb7 29. Qc4 Ng7 30. Ra2 Rd8 31. Na5 Qa8 32. b4 Rd1+ 33. Kg2 Nf5 34.
Qa6 Qd8 35. Qc4 Rg1+ 36. Kxg1 1/2-1/2

[Event "Staatsliga B - Mitte 2002/03"]
[Site "?"]
[Date "2002.12.01"]
[Round "5.5"]
[White "ZUPE, Miran"]
[Black "UHLMANN, Wolfgang"]
[Result "1/2-1/2"]
[WhiteElo "2378"]
[BlackElo "2440"]
[PlyCount "35"]
[EventDate "2002.12.01"]

1. d4 Nf6 2. g3 c5 3. d5 e6 4. c4 d6 5. Nc3 exd5 6. cxd5 g6 7. Bg2 Bg7 8. Nf3
O-O 9. O-O Re8 10. Nd2 Nbd7 11. h3 a6 12. a4 Rb8 13. Nc4 Nb6 14. Na3 Bd7 15. a5
Nc8 16. Nc4 Bb5 17. Qb3 Qd7 18. Re1 1/2-1/2

[Event "Staatsliga B - Mitte 2002/03"]
[Site "?"]
[Date "2002.12.01"]
[Round "5.5"]
[White "HERRMANN, Johann"]
[Black "BAUMGARTNER, Heinz"]
[Result "0-1"]
[WhiteElo "2182"]
[BlackElo "2398"]
[PlyCount "94"]
[EventDate "2002.12.01"]

1. c4 Nf6 2. Nc3 e5 3. g3 c6 4. d4 exd4 5. Qxd4 d5 6. Bg5 Be7 7. Bg2 dxc4 8.
Qxc4 Be6 9. Qd3 Qxd3 10. exd3 Na6 11. O-O-O h6 12. Be3 Nb4 13. a3 Nbd5 14. Nxd5
Nxd5 15. Ne2 Bg4 16. Bxd5 cxd5 17. Kd2 Bf6 18. Rb1 O-O 19. Nd4 a6 20. Rbc1 Rac8
21. h4 Rfe8 22. Rxc8 Rxc8 23. Rc1 Be5 24. Rxc8+ Bxc8 25. Kc3 f6 26. Kb4 Bd6+
27. Ka5 Bc7+ 28. Kb4 b6 29. Kc3 Kf7 30. Kd2 g5 31. hxg5 fxg5 32. Ke2 Kf6 33.
Nf3 Bg4 34. Bd4+ Kf5 35. Ke3 h5 36. Ng1 Bd1 37. Kd2 Ba4 38. Ke3 h4 39. gxh4
gxh4 40. Kf3 Bc2 41. Kg2 Bxd3 42. Kh3 Bd8 43. Kg2 Ke4 44. Bg7 d4 45. f3+ Kd5
46. Nh3 Bf5 47. Nf2 Bg5 0-1

[Event "Staatsliga B - Mitte 2002/03"]
[Site "?"]
[Date "2002.12.01"]
[Round "5.5"]
[White "WEGENER, Dirk"]
[Black "RANEGGER, Martin"]
[Result "1-0"]
[WhiteElo "2324"]
[BlackElo "2119"]
[PlyCount "115"]
[EventDate "2002.12.01"]

1. e4 c5 2. Nf3 Nc6 3. d4 cxd4 4. Nxd4 Nf6 5. Nc3 e5 6. Ndb5 d6 7. Bg5 a6 8.
Na3 b5 9. Bxf6 gxf6 10. Nd5 f5 11. c3 Be6 12. exf5 Bxf5 13. Qf3 Be6 14. Nf6+
Ke7 15. Rd1 Rc8 16. Nc2 Bg7 17. Nd5+ Bxd5 18. Qxd5 Qd7 19. Bd3 Qe6 20. Qf3 e4
21. Bxe4 Ne5 22. Qe2 Nc4 23. O-O Nxb2 24. Nd4 Bxd4 25. Rxd4 Nc4 26. Qh5 Qe5 27.
Bf5 Rc5 28. Qh4+ Qf6 29. Re1+ Re5 30. Rxe5+ Nxe5 31. Qe4 Kf8 32. f4 Nc4 33. Rd3
Qe7 34. Qa8+ Qe8 35. Qxe8+ Kxe8 36. Bc8 Ke7 37. Bxa6 Rb8 38. a4 Na3 39. axb5
Nxb5 40. Re3+ Kf6 41. g4 Nc7 42. Bd3 Rb2 43. Bxh7 Nd5 44. Rf3 Rb3 45. Be4 Nxc3
46. g5+ Kg7 47. h4 Rb4 48. Rxc3 Rxe4 49. Rf3 Kg6 50. Kf2 Kh5 51. Kg3 d5 52. Ra3
Rc4 53. Ra7 Rc3+ 54. Kf2 Kg4 55. Rxf7 d4 56. g6 Rc2+ 57. Ke1 Kxh4 58. Rh7+ 1-0

[Event "Staatsliga B - Mitte 2002/03"]
[Site "?"]
[Date "2002.12.01"]
[Round "5.5"]
[White "KRATSCHMER, Heinz"]
[Black "ROLLETSCHEK, Heinrich"]
[Result "0-1"]
[WhiteElo "2096"]
[BlackElo "2261"]
[PlyCount "92"]
[EventDate "2002.12.01"]

1. d4 g6 2. e4 Bg7 3. Nc3 d6 4. Nf3 Nf6 5. Be2 O-O 6. O-O c6 7. a4 Qc7 8. Bf4
Nbd7 9. Qd2 e5 10. Bh6 Re8 11. Bxg7 Kxg7 12. dxe5 dxe5 13. Rfd1 a5 14. h3 Nb6
15. Qd6 Qxd6 16. Rxd6 Nfd7 17. Rad1 Nc5 18. b3 f6 19. Nh2 Be6 20. Bg4 f5 21.
exf5 gxf5 22. Be2 Kf6 23. Nf3 e4 24. Nd4 Ke5 25. Nxe6 Rxe6 26. R6d4 Nd3 27.
Bxd3 Kxd4 28. Bc4+ Kxc3 29. Bxe6 Kxc2 30. Rd6 Rf8 31. Kf1 Rf6 32. g4 fxg4 33.
hxg4 h6 34. b4 Nc4 35. Rd4 Rxe6 36. Rxc4+ Kd3 37. Rc1 axb4 38. Re1 b3 39. f4 e3
40. Kg2 Kd2 41. f5 Re4 42. Kf3 Kxe1 43. Kxe4 e2 44. f6 b2 45. Ke5 b1=Q 46. f7
Qb4 0-1

[Event "Staatsliga B - Mitte 2002/03"]
[Site "?"]
[Date "2002.12.01"]
[Round "5.6"]
[White "HEIMBERGER, Reinhard"]
[Black "FAULAND, Alexander"]
[Result "1-0"]
[WhiteElo "2312"]
[BlackElo "2427"]
[PlyCount "91"]
[EventDate "2002.12.01"]

1. c4 e6 2. d4 Nf6 3. Nc3 Bb4 4. Qc2 d6 5. Nf3 Nbd7 6. g3 b6 7. Bg2 Bb7 8. O-O
Bxc3 9. Qxc3 O-O 10. b3 Qe7 11. Bb2 Ne4 12. Qc2 f5 13. Ne1 c5 14. Nd3 Rac8 15.
dxc5 bxc5 16. Nf4 Ndf6 17. Rad1 g5 18. Bxf6 Rxf6 19. Nh5 Rh6 20. f3 Rxh5 21.
fxe4 fxe4 22. Bxe4 Rd8 23. Bxb7 Qxb7 24. Rf6 g4 25. Rxe6 Qf7 26. Qe4 Rf8 27.
Qxg4+ Kh8 28. Rf6 Qxf6 29. Qxh5 Qf2+ 30. Kh1 Rf6 31. Qe8+ Kg7 32. Qe7+ Kg6 33.
Qe4+ Kg7 34. Qg2 Qe3 35. Rf1 Re6 36. Qd5 Qxe2 37. Rf4 Qe5 38. Qb7+ Re7 39. Qc8
Rf7 40. Qg4+ Kf8 41. Rxf7+ Kxf7 42. Qf4+ Ke6 43. Qxe5+ dxe5 44. Kg2 Kf5 45. Kf3
e4+ 46. Ke3 1-0